[Event "Kimry op"]
[Site "Kimry"]
[Date "2004.08.03"]
[Round "2"]
[White "Sakhnov, Evgeny"]
[Black "Cheremushkin, Vjacheslav"]
[Result "1-0"]
[WhiteElo "2064"]
[BlackElo "1931"]
[PlyCount "71"]
[EventDate "2004.08.02"]
[EventType "swiss"]
[EventRounds "4"]
[EventCountry "RUS"]
[SourceTitle "EXT 2006"]
[Source "ChessBase"]
[SourceDate "2005.11.24"]
[SourceVersion "1"]
[SourceVersionDate "2005.11.24"]
[SourceQuality "1"]

1. d4 d5 2. c4 e6 3. Nc3 Nf6 4. Bf4 Bd6 5. Bg3 Nc6 6. e3 Bd7 7. Nf3 Qe7 8. Bd3 dxc4 9. Bxc4 e5 10. d5 Na5 11. Be2 c6 12. e4 Rc8 13. 0-0 0-0 14. a3 cxd5 15. exd5 Nc4 16. Nd2 Nb6 17. Nde4 Nxe4 18. Nxe4 Bb8 19. f3 f5 20. Nc3 Qg5 21. Qe1 f4 22. Bh4 Qh5 23. Be7 Rf7 24. d6 a6 25. Bd3 Rc6 26. Be4 Rc8 27. Bxb7 Re8 28. Nd5 Nxd5 29. Bxd5 Qg6 30. Qe4 Bf5 31. Qc4 Ba7+ 32. Kh1 Bd7 33. Bxf7+ Qxf7 34. Qc7 Bb5 35. Qxa7 Bxf1 36. Rxf1 1-0